000 00810nas a2200265 4500
001 BR0803267
003 BR-BrBNA
005 20231205112249.0
007 ta
008 230509b bl.|||p| |||| 00| 00por d
040 _aBR-BrBNA
_bpor
_cBiblioteca Nacional de Agricultura
041 _a(Pt)
072 _aF04
100 1 _aFarinelli, R.
100 1 _aVillas Boas, R.L.
245 1 _aQualidade química de fertilizantes sob influência da formulação e condições de aplicação
650 _aFERTILIZANTE
650 _aGRANULOMETRIA
650 _aMÉTODO DE APLICAÇÃO
650 _aFÓSFORO
650 _aPOTÁSSIO
773 0 _tRevista de Agricultura (Brazil)
_xISSN 0034-7655
_g(Jun 2007), v. 82(1) p. 98-106
_wBR0803267
909 _a202311
_bLúcia
_c55
_dLúcia Elande
942 _2AGRIS
_n0
_cANA
999 _c197066
_d197066